00438cam a2200157ua 45000010005000000080039000050400009000440820010000531000016000632450096000792500009001752600036001843000022002206530014002426530024002562017110806n ii |||gr||||Z||||||eng cMAIN a370.1 aRai, B. C.,1 aTheory of education : bsociological and philosophical bases of education / cby B. C. Rai  a1st. alucknow:bPrakashan Kendra,986. axvi; 452p:c23cm. aEducation aTheory of education